000
00339nam a22001457a 4500
008
230316b ||||| |||| 00| 0 eng d
020
_a
9780205368389
041
_a
eng
080
_2
seventh edition
_a
159.9
082
_a
159.9SLA
100
_a
25
101
_a
PSIKO
245
_a
EDUCATIONAL PSYCHOLOGY
_c
SLAVIN .E.R
942
_2
udc
_c
BK
999
_c
59368
_d
59368